Kraje po mecie Geoguessr (dla Geomexxa) - Statystyki

Ogólne statystyki
  • Ten quiz został rozwiązany 164 razy
  • Średni wynik to 6 z 10
Statystyki odpowiedzi
Podpowiedźi Kraj % Poprawnych
Górzysty teren, język niemiecki, niska kamera Szwajcaria
98%
Specyficzne słupy prądowe, język portugalski, czerwona ziemia Brazylia
89%
Żółte tab. rej., krzyże z tyłu znaków, język hiszpański Kolumbia
85%
Niska kamera, ruch lewostronny, nieeuropejski język Japonia
70%
Czarne końcówki masztów znaków, cyrylica, stepowy teren Rosja
70%
Pustynny teren, język francuski, częściowo widoczne auto GSV Senegal
69%
Żółty pasek na tab. rej., język kataloński, bogata architektura Andora
60%
Dwujęzyczne znaki, szczeliny na niebie, 3 gen. kamery Czarnogóra
60%
Europejskie tab. rej., szyny pod kamerą, taśma na prawej tylnej szynie Réunion (Francja)
27%
Brak naturalnych drzew, szyny pod kamerą, górzysty teren Wyspy Owcze (Dania)
11%
Nie znaleziono quizów pasujących do podanych kryteriów
Rozkład punktacji
Procent ludzi z każdym wynikiem
Percentyl według liczby udzielonych odpowiedzi
Twoja historia wyników
Nie rozwiązałeś tego quizu